The natural history of antelopes / (Record no. 65932)
[ view plain ]
| 000 -LEADER | |
|---|---|
| fixed length control field | 00714nam a2200253 a 4500 |
| 001 - CONTROL NUMBER | |
| control field | 65932 |
| 003 - CONTROL NUMBER IDENTIFIER | |
| rucl marc code | BD-RjUL |
| 005 - DATE AND TIME OF LATEST TRANSACTION | |
| control field | 20211209081501.0 |
| 008 - FIXED-LENGTH DATA ELEMENTS--GENERAL INFORMATION | |
| fixed length control field | 170313s1986 nyuaf b 001 0 eng |
| 020 ## - INTERNATIONAL STANDARD BOOK NUMBER | |
| International Standard Book Number | 0816015813 |
| 035 ## - SYSTEM CONTROL NUMBER | |
| System control number | (BD-RjUL)66062 |
| 040 ## - CATALOGING SOURCE | |
| Original cataloging agency | DLC |
| Transcribing agency | DLC |
| Modifying agency | BD-RjUL |
| Language of cataloging | eng |
| 041 ## - LANGUAGE CODE | |
| Language code of text/sound track or separate title | eng |
| 082 00 - DEWEY DECIMAL CLASSIFICATION NUMBER | |
| Classification number | 599.64 |
| Edition number | 23 |
| Author mark and year | SPN 1986 |
| 100 1# - MAIN ENTRY--PERSONAL NAME | |
| Personal name | Spinage, C. A. |
| Fuller form of name | (Clive A.) |
| 9 (RLIN) | 194975 |
| 245 14 - TITLE STATEMENT | |
| Title | The natural history of antelopes / |
| Statement of responsibility, etc. | C.A. Spinage. |
| 260 ## - PUBLICATION, DISTRIBUTION, ETC. (IMPRINT) | |
| Place of publication, distribution, etc. | New York : |
| Name of publisher, distributor, etc. | Facts on File, |
| Date of publication, distribution, etc. | c1986. |
| 300 ## - PHYSICAL DESCRIPTION | |
| Pagination | xiii, 203 p. : |
| Illustrations | ill. ; |
| Size | 25 cm. |
| 504 ## - BIBLIOGRAPHY, ETC. NOTE | |
| Bibliography, etc | Includes index and bibliography |
| 650 #0 - SUBJECT ADDED ENTRY--TOPICAL TERM | |
| Topical term or geographic name as entry element | Antelopes. |
| 9 (RLIN) | 194976 |
| 942 ## - ADDED ENTRY ELEMENTS (KOHA) | |
| Source of classification or shelving scheme | Dewey Decimal Classification |
| Koha item type | Books |
| Lost status | Source of classification or shelving scheme | Damaged status | Not for loan | Collection code | Permanent Location | Current Location | Shelving location | Date acquired | Source of acquisition | Total Checkouts | Full call number | Date last seen | Copy number | Koha item type |
|---|---|---|---|---|---|---|---|---|---|---|---|---|---|---|
| Dewey Decimal Classification | Not For Loan | Non-fiction | Central Library, University of Rajshahi | Central Library, University of Rajshahi | Reading Room | 18/04/1989 | Asia foundation | 599.64 SPN 1986 | 13/03/2017 | C-1 | Books |